| 000 | 01087nam a2200325 i 4500 | ||
|---|---|---|---|
| 003 | EG-GICUC | ||
| 005 | 20260420112359.0 | ||
| 008 | 260420s1998 fr aaaffr|||| 00| 0 fre d | ||
| 040 |
_aEG-GiCUC _bfre _cEG-GiCUC _dEG-GiCUC _eRda |
||
| 041 | _afre | ||
| 082 | 0 | 4 |
_221 _a343.5 _bBE . C |
| 092 | 0 | 4 | _221 |
| 099 | _aLaw1 10 343.5 BE . C 1998 | ||
| 100 | 1 |
_a Beernaert, Marie-Aude _eAuteur |
|
| 245 | 1 | 0 |
_aCode pénal : _b textes au 2 octobre 1998 / _cpar Marie-Aude Beernaert, Françoise Tulkens, Damien Vandermeersch. |
| 250 | _a 2e édition | ||
| 264 | 1 |
_a Bruxelles : _b Bruylant ; Antwerpen : Maklu, _c1998. |
|
| 300 |
_a 727page ; _c 24 cm. |
||
| 336 |
_2rda contenu _a texte |
||
| 337 |
_2rda medias _aOrdinateur |
||
| 338 |
_2 transporteur rda _a Ressource en ligne |
||
| 546 | _aTexte en français | ||
| 650 | 1 |
_aDroit pénal _2qrmak |
|
| 651 | 1 | _2qrmak | |
| 700 | 1 |
_aTulkens, Françoise, _eCo-Auteur |
|
| 700 | 1 |
_aVandermeersch, Damien, _eCo-Auteur |
|
| 856 | 4 | 0 | _uhttps://fll.law.cu.edu.eg/fulltext/bks/B10-10340.pdf |
| 905 | _a167 | ||
| 942 |
_2ddc _cBK _e21 _n0 |
||
| 999 |
_c72085 _d72085 |
||